Skip to content
VuFind
All Fields
Title
Author
Subject
Call Number
ISBN/ISSN
Tag
Find
Advanced
Zulaika
Cite this
Print
Export Record
Export to RefWorks
Export to EndNoteWeb
Export to EndNote
Export to MARC
Zulaika
Show other versions (1)
Bibliographic Details
Main Author:
Kamariah Safri
Format:
Book
Holdings
Description
Other Versions (1)
Similar Items
Staff View
MARC
LEADER
00000cam a2200000 7i4500
001
0000009444
002
000010286
005
20000330.0
020
|a
9838930610X
090
0
0
|a
F
|b
KAM
100
0
|a
Kamariah Safri
245
1
0
|a
Zulaika
999
|a
044853
|b
BUKU
|c
FICTION
|e
PERPUSTAKAAN KOMUNITI CAW KOTA DAMANSARA
Similar Items
Zulaika
by: Kamariah Safri
KISAH ZULAIKA .
by: Xanseviera
Published: (2023)
Rindu Yusuf cinta Zulaika
by: Siti Rozilah
Published: (2009)
Rindu Yusuf Cinta Zulaika
by: Siti Rozilah
Published: (2009)
Segenggam impian
by: Kamariah Safri
Published: (2000)